000 00854nas a22002537a 4500
005 20140905111312.0
006 a|||||r|||| 00| 0
007 ta
008 140905b xxu||||| |||| 00| 0 eng d
022 _a0971-5894 (print)
022 _a0974-0430 (Electronic)
082 _a581.7
245 _aPhysiology and molecular biology of plants :
_ban international journal of functional plant biology
260 _aNew Delhi
_bProf. H. S. Srivastava Foundation for Science and Society
_c2014-
260 _aNew Delhi
_bSpringer India
300 _av.
_c24 cm (Pbk)
310 _aQuarterly
362 _aVol 20 No 1 Jan-March 2014
650 _aPlant Physiology
650 _aPlant Molecular biology
856 _uwww.springer.com/12298
270 _a10B/7, Madan Mohan Malviya Marg,
_bLucknow
942 _2ddc
_cSR
_h581.7
_s1
999 _c88323
_d88323